000
00241nam a2200097Ia 4500
001
687445
005
20250826161556.0
008
250824s9999 xx 000 0 und d
245
0
_a
SÜPER GAZETECİLER I
_c
AYTÜL AKAL
260
_b
TUDEM YAYINLARI
999
_c
687445
_d
687445